[Event "26th WSCC 2016 Open 50+"]
[Site "Marianske Lazne, Czech Republic - Hotel Cristal and Continental"]
[Date "2016.11.30"]
[Round "11.3"]
[White "Vlassov, Nikolai"]
[Black "Matamoros Franco, Carlos S"]
[Result "1/2-1/2"]
[WhiteElo "2415"]
[BlackElo "2495"]
[PlyCount "59"]
[EventDate "2016.11.19"]

1. e4 c5 2. c3 Nf6 3. e5 Nd5 4. d4 cxd4 5. cxd4 d6 6. Bc4 e6 7. Nf3 Be7 8. O-O
O-O 9. Qe2 b6 10. Rd1 Bb7 11. Nbd2 Nd7 12. Nf1 Qc7 13. Bd2 Rac8 14. Rac1 Qb8
15. h4 dxe5 16. dxe5 Rc7 17. N1h2 Rfc8 18. Ng4 Bf8 19. h5 h6 20. Nd4 Rxc4 21.
Rxc4 Rxc4 22. Qxc4 Nxe5 23. Qe2 Nxg4 24. Qxg4 Nf6 25. Qe2 Qa8 26. f3 Nxh5 27.
Qe5 g6 28. Nxe6 Qe8 29. Bc3 fxe6 30. Qh8+ 1/2-1/2

[Event "26th WSCC 2016 Open 50+"]
[Site "Marianske Lazne, Czech Republic - Hotel Cristal and Continental"]
[Date "2016.11.30"]
[Round "11.4"]
[White "Ivanov, Alexander"]
[Black "Meister, Jakob"]
[Result "1-0"]
[WhiteElo "2478"]
[BlackElo "2444"]
[PlyCount "143"]
[EventDate "2016.11.19"]

1. e4 c5 2. Nf3 g6 3. d4 Bg7 4. dxc5 Qa5+ 5. c3 Qxc5 6. Na3 d6 7. Be3 Qa5 8.
Bb5+ Bd7 9. Qd5 Qc7 10. Bc4 e6 11. Nb5 Bxb5 12. Bxb5+ Nc6 13. Qd3 a6 14. Bxc6+
bxc6 15. O-O Nf6 16. Bf4 e5 17. Bg5 O-O 18. Rfd1 Ne8 19. Nd2 f5 20. f3 Rf7 21.
Nc4 Bf8 22. b4 Qb7 23. a4 Rc8 24. a5 Qb5 25. Nb6 Qxd3 26. Rxd3 Rb8 27. Nc4 f4
28. Rad1 h6 29. Bh4 g5 30. Bf2 h5 31. Kf1 Rg7 32. Nb6 g4 33. c4 g3 34. Bg1 gxh2
35. Bxh2 Nc7 36. Bg1 Ne6 37. b5 cxb5 38. cxb5 axb5 39. Rb3 b4 40. Nd5 Nc5 41.
Rxb4 Rxb4 42. Nxb4 Ra7 43. Ra1 Kf7 44. Bxc5 dxc5 45. Nc6 Ra6 46. Nxe5+ Ke6 47.
Nc4 Kd7 48. Ke2 Be7 49. Kd3 Kc6 50. e5 Kd5 51. Nb6+ Kc6 52. Ke4 Bd8 53. Nc4 Bc7
54. e6 Ra8 55. Rb1 Rf8 56. Kd3 Rd8+ 57. Kc3 Ra8 58. Re1 Re8 59. a6 Bb8 60. Rb1
Bc7 61. a7 Ra8 62. Ra1 Bd8 63. Kd3 Bf6 64. Ra6+ Kb7 65. Ra5 Bd8 66. Rxc5 Rxa7
67. Rxh5 Kc6 68. Ne5+ Kd6 69. Nf7+ Ke7 70. Nxd8 Ra3+ 71. Ke4 Ra4+ 72. Kf5 1-0

[Event "26th WSCC 2016 Open 50+"]
[Site "Marianske Lazne, Czech Republic - Hotel Cristal and Continental"]
[Date "2016.11.30"]
[Round "11.5"]
[White "Berezjuk, Sergej"]
[Black "Danielsen, Henrik"]
[Result "0-1"]
[WhiteElo "2431"]
[BlackElo "2477"]
[PlyCount "68"]
[EventDate "2016.11.19"]

1. e4 d6 2. d4 Nf6 3. Nc3 e5 4. Nf3 Nbd7 5. g4 Nxg4 6. Rg1 Ngf6 7. Be3 c6 8.
Qd2 Qa5 9. O-O-O b5 10. dxe5 dxe5 11. Kb1 Bb7 12. Bh3 Qc7 13. Ng5 Nb6 14. Bxb6
axb6 15. f4 h6 16. Nf3 b4 17. fxe5 bxc3 18. Qxc3 Nxe4 19. Qc4 Nc5 20. e6 Ba6
21. exf7+ Qxf7 22. Qc3 Be2 23. Qe5+ Be7 24. Qxe2 Qxa2+ 25. Kc1 Qa1+ 26. Kd2
Qxb2 27. Ke1 O-O 28. Rg4 Qc3+ 29. Kf2 Ra2 30. Rd2 Rxf3+ 31. Kg2 Re3 32. Qf2
Rxh3 33. Re2 Ra3 34. Rxe7 Rxh2+ 0-1

[Event "26th WSCC 2016 Open 50+"]
[Site "Marianske Lazne, Czech Republic - Hotel Cristal and Continental"]
[Date "2016.11.30"]
[Round "11.6"]
[White "Mohr, Georg"]
[Black "Grant, Jonathan I M"]
[Result "1-0"]
[WhiteElo "2461"]
[BlackElo "2218"]
[PlyCount "105"]
[EventDate "2016.11.19"]

1. Nf3 Nf6 2. d4 d5 3. e3 g6 4. c4 c6 5. Nc3 Bg7 6. cxd5 cxd5 7. Bb5+ Bd7 8.
Qb3 Bxb5 9. Qxb5+ Qd7 10. Ne5 Qxb5 11. Nxb5 Na6 12. b3 Nd7 13. Nd3 Ndb8 14. Nf4
Nc6 15. Nxd5 O-O-O 16. Ndc3 Nab4 17. Ke2 a6 18. a3 e5 19. axb4 exd4 20. Nxd4
Bxd4 21. exd4 Nxd4+ 22. Kf1 Nxb3 23. Rb1 Nd2+ 24. Bxd2 Rxd2 25. g3 Rc2 26. Ne4
f5 27. Ng5 Re8 28. Kg2 Ree2 29. Rhf1 h6 30. Nf3 Rb2 31. Nh4 Rxf2+ 32. Rxf2 Rxb1
33. Nxg6 Rxb4 34. Ne7+ Kd7 35. Nxf5 h5 36. Ng7 h4 37. Rd2+ Kc6 38. Nf5 hxg3 39.
Kxg3 a5 40. h4 a4 41. h5 a3 42. h6 Ra4 43. h7 Ra8 44. Ne7+ Kc5 45. Ng8 a2 46.
Rxa2 Rxa2 47. h8=Q Ra3+ 48. Kf4 b5 49. Ke4 Kb4 50. Ne7 Kb3 51. Nc6 b4 52. Nd4+
Ka2 53. Nc2 1-0

[Event "26th WSCC 2016 Open 50+"]
[Site "Marianske Lazne, Czech Republic - Hotel Cristal and Continental"]
[Date "2016.11.30"]
[Round "11.7"]
[White "Vokac, Marek"]
[Black "Tunik, Gennady"]
[Result "1-0"]
[WhiteElo "2391"]
[BlackElo "2404"]
[PlyCount "113"]
[EventDate "2016.11.19"]

1. g3 d5 2. Bg2 c6 3. d3 Nf6 4. Nd2 e5 5. Ngf3 Bd6 6. e4 O-O 7. O-O Re8 8. h3
a5 9. a4 Na6 10. b3 Nc5 11. Re1 d4 12. Nc4 Bc7 13. Bd2 b5 14. axb5 cxb5 15. Na3
Rb8 16. Rf1 a4 17. b4 Ne6 18. c4 dxc3 19. Bxc3 Nf8 20. Re1 Ng6 21. d4 Ba6 22.
dxe5 Nxe5 23. Nxe5 Bxe5 24. Bxe5 Rxe5 25. Qxd8+ Rxd8 26. Rad1 Rxd1 27. Rxd1 g5
28. f4 gxf4 29. gxf4 Re7 30. Rd6 Re6 31. Rxe6 fxe6 32. Kf2 Kf7 33. Ke3 Ke7 34.
Kd4 Nh5 35. Ke5 Nf6 36. Bf3 Ne8 37. Bg4 Nd6 38. Be2 Bb7 39. Bd3 Bc6 40. Kd4 h6
41. e5 Nc8 42. Kc5 Bg2 43. h4 Kf7 44. Bxb5 Ne7 45. Bxa4 Ng6 46. Bc6 Bf1 47. b5
Nxf4 48. b6 Ba6 49. Kd6 Ng6 50. Nb5 Nxh4 51. Nc7 Bc8 52. Be8+ Kf8 53. Bd7 Nf5+
54. Kxe6 Nd4+ 55. Kd6 Bb7 56. Ne6+ Nxe6 57. Kxe6 1-0

[Event "26th WSCC 2016 Open 50+"]
[Site "Marianske Lazne, Czech Republic - Hotel Cristal and Continental"]
[Date "2016.11.30"]
[Round "11.8"]
[White "Haba, Petr"]
[Black "Kilicaslan, Hasan"]
[Result "1-0"]
[WhiteElo "2472"]
[BlackElo "2225"]
[PlyCount "73"]
[EventDate "2016.11.19"]

1. d4 Nf6 2. c4 g6 3. f3 Bg7 4. e4 d6 5. Ne2 Nc6 6. Be3 O-O 7. Nbc3 a6 8. Qd2
Rb8 9. Rc1 e5 10. d5 Na5 11. Ng3 c5 12. dxc6 Nxc6 13. Bd3 h5 14. O-O Nd4 15.
Nge2 Nxe2+ 16. Bxe2 Be6 17. Rfd1 b5 18. cxb5 axb5 19. b4 d5 20. Nxd5 Bxd5 21.
exd5 e4 22. f4 Ra8 23. Rc5 Ra3 24. Rxb5 Ng4 25. Bxg4 hxg4 26. Qe2 Qd7 27. Ra5
Rc3 28. d6 Rd8 29. Ra7 Qe6 30. Re7 Qf5 31. Bb6 Rd3 32. Bxd8 Bd4+ 33. Kh1 Re3
34. Qf1 g3 35. Re8+ Kh7 36. Bg5 Rd3 37. hxg3 1-0

[Event "26th WSCC 2016 Open 50+"]
[Site "Marianske Lazne, Czech Republic - Hotel Cristal and Continental"]
[Date "2016.11.30"]
[Round "11.9"]
[White "Petran, Peter"]
[Black "Arkell, Keith C"]
[Result "1-0"]
[WhiteElo "2302"]
[BlackElo "2450"]
[PlyCount "99"]
[EventDate "2016.11.19"]

1. g3 d5 2. Bg2 e5 3. d3 c5 4. Nc3 d4 5. Nd5 Be6 6. c4 Nc6 7. e4 dxe3 8. fxe3
g6 9. Ne2 h5 10. h3 f5 11. h4 Nh6 12. e4 Ng4 13. Bg5 Qd7 14. Bf3 Bxd5 15. cxd5
Nd4 16. Bxg4 hxg4 17. Nxd4 cxd4 18. O-O Bd6 19. Qd2 Rh7 20. Rae1 fxe4 21. Rxe4
Qb5 22. Qe2 Qxd5 23. Qxg4 Rf7 24. Bf6 Rb8 25. Qxg6 Kd7 26. Qf5+ Kc6 27. g4 Rbf8
28. g5 Qxa2 29. Re2 Qd5 30. Qe4 Qxe4 31. Rxe4 Kd7 32. Rfe1 Rxf6 33. gxf6 Rxf6
34. Kg2 a5 35. h5 Rh6 36. Rh1 Ke6 37. Rg4 b5 38. Kf3 Kf5 39. Rg7 a4 40. Ra7 Bc5
41. Ra5 Be7 42. Rxb5 Bg5 43. Rb8 Rf6 44. Ra8 Bh6 45. Rxa4 e4+ 46. dxe4+ Ke5+
47. Ke2 Kxe4 48. Rh4+ Bf4 49. h6 Rc6 50. Rxd4+ 1-0

[Event "26th WSCC 2016 Open 50+"]
[Site "Marianske Lazne, Czech Republic - Hotel Cristal and Continental"]
[Date "2016.11.30"]
[Round "11.10"]
[White "Bruno, Fabio"]
[Black "Lacina, Adolf"]
[Result "0-1"]
[WhiteElo "2435"]
[BlackElo "2206"]
[PlyCount "68"]
[EventDate "2016.11.19"]

1. c4 e6 2. Nf3 Nf6 3. g3 d5 4. b3 Bd6 5. Bg2 O-O 6. Bb2 Nbd7 7. O-O c6 8. Nc3
e5 9. cxd5 Nxd5 10. Ne4 Bc7 11. d3 Re8 12. Ned2 Nf8 13. a3 Ng6 14. Qc2 h6 15.
e4 Nf6 16. b4 Bg4 17. h3 Bd7 18. d4 Qb8 19. Nc4 exd4 20. Nxd4 h5 21. Nf5 Bxf5
22. exf5 Ne5 23. Ne3 Bb6 24. Rfe1 Qc7 25. Rad1 Rad8 26. Nf1 Rxd1 27. Rxd1 Qe7
28. Nh2 a5 29. Re1 Qd6 30. Qc3 Bxf2+ 31. Kxf2 Nd3+ 32. Kg1 Rxe1+ 33. Nf1 Qxg3
34. Qxe1 Qxe1 0-1

[Event "26th WSCC 2016 Open 50+"]
[Site "Marianske Lazne, Czech Republic - Hotel Cristal and Continental"]
[Date "2016.11.30"]
[Round "11.11"]
[White "Chudinovskikh, Alexander M"]
[Black "Konopka, Michal"]
[Result "1/2-1/2"]
[WhiteElo "2219"]
[BlackElo "2396"]
[PlyCount "94"]
[EventDate "2016.11.19"]

1. d4 Nf6 2. Nf3 g6 3. g3 Bg7 4. Bg2 d5 5. O-O O-O 6. Bf4 c5 7. c3 Nbd7 8. Ne5
Qb6 9. b3 e6 10. a4 cxd4 11. cxd4 Nxe5 12. Bxe5 Bd7 13. Nd2 Rac8 14. Rc1 Rxc1
15. Qxc1 Rc8 16. Qb1 Qb4 17. Rd1 b5 18. axb5 Bxb5 19. Bf3 Nd7 20. Bxg7 Kxg7 21.
e3 Rc3 22. Qb2 Nb6 23. Rc1 Na4 24. Qa1 Rxc1+ 25. Qxc1 Nc3 26. Kg2 Bd3 27. h4 a5
28. Kh2 h6 29. Bg2 Ne2 30. Qd1 Qc3 31. Bf1 Nc1 32. Bxd3 Nxd3 33. Nb1 Qb2 34.
Qxd3 Qxf2+ 35. Kh3 f5 36. Qc3 Qf1+ 37. Kh2 Qf2+ 38. Kh3 Qf1+ 39. Kh2 Qf2+ 40.
Kh3 Qf1+ 41. Kh2 Qe2+ 42. Kg1 Qd1+ 43. Kf2 Qxb1 44. Qc7+ Kf8 45. Qd8+ Kf7 46.
Qd7+ Kf6 47. Qd8+ Kf7 1/2-1/2

[Event "26th WSCC 2016 Open 50+"]
[Site "Marianske Lazne, Czech Republic - Hotel Cristal and Continental"]
[Date "2016.11.30"]
[Round "11.12"]
[White "Ginsburg, Mark"]
[Black "Yuferev, Oleg"]
[Result "1/2-1/2"]
[WhiteElo "2340"]
[BlackElo "2239"]
[PlyCount "67"]
[EventDate "2016.11.19"]

1. c4 c5 2. Nf3 Nc6 3. Nc3 g6 4. e3 Nf6 5. d4 cxd4 6. exd4 d5 7. cxd5 Nxd5 8.
Qb3 Nxc3 9. Bc4 e6 10. bxc3 a6 11. Be2 Bg7 12. Ba3 Bf8 13. Bxf8 Kxf8 14. h4 h6
15. h5 g5 16. O-O Kg7 17. Rad1 Qf6 18. Nh2 b5 19. Ng4 Qf4 20. Qb2 f6 21. Bf3
Ra7 22. Nxf6 Nxd4 23. Rxd4 Qxf6 24. Qd2 Rc7 25. Rd1 Rf8 26. Qe3 Rff7 27. R1d3
Rfe7 28. g3 Rf7 29. Kg2 Rf8 30. Be4 Qe5 31. Bg6 Bb7+ 32. Be4 Bc8 33. Bg6 Bb7+
34. Be4 1/2-1/2

[Event "26th WSCC 2016 Open 50+"]
[Site "Marianske Lazne, Czech Republic - Hotel Cristal and Continental"]
[Date "2016.11.30"]
[Round "11.13"]
[White "Semakoff, Aleks"]
[Black "Barle, Janez"]
[Result "1/2-1/2"]
[WhiteElo "2084"]
[BlackElo "2303"]
[PlyCount "95"]
[EventDate "2016.11.19"]

1. e4 e5 2. Nc3 Nc6 3. Bc4 Nf6 4. d3 Bc5 5. Nf3 d6 6. Be3 Bb6 7. Nd5 Nxd5 8.
Bxd5 O-O 9. O-O Kh8 10. d4 Qf6 11. Bxc6 bxc6 12. Bg5 Qe6 13. dxe5 dxe5 14. Qd2
f6 15. Be3 Qc4 16. Qd3 Qxd3 17. cxd3 Ba6 18. Rfd1 Rfd8 19. Rac1 Rxd3 20. Bxb6
cxb6 21. Rxd3 Bxd3 22. Rxc6 Bxe4 23. Rc7 Kg8 24. h3 Rd8 25. Rxa7 Rd1+ 26. Kh2
Bxf3 27. gxf3 Rd2 28. Kg3 Rxb2 29. a4 Rb3 30. Kg2 h5 31. a5 bxa5 32. Rxa5 Kf7
33. Ra4 g5 34. Rc4 Kg6 35. Ra4 Rd3 36. Rc4 Kf5 37. Ra4 Rd4 38. Ra3 Kf4 39. Rb3
f5 40. Ra3 h4 41. Ra8 Rb4 42. Ra7 Rc4 43. Ra8 Rc3 44. Ra4+ e4 45. fxe4 fxe4 46.
Ra8 Rc5 47. Rf8+ Rf5 48. Rg8 1/2-1/2

[Event "26th WSCC 2016 Open 50+"]
[Site "Marianske Lazne, Czech Republic - Hotel Cristal and Continental"]
[Date "2016.11.30"]
[Round "11.14"]
[White "Schatz, Christian"]
[Black "Akesson, Ralf"]
[Result "0-1"]
[WhiteElo "2218"]
[BlackElo "2416"]
[PlyCount "147"]
[EventDate "2016.11.19"]

1. Nf3 Nf6 2. c4 e6 3. g3 d5 4. b3 c5 5. Bg2 Nc6 6. cxd5 exd5 7. O-O d4 8. e4
dxe3 9. dxe3 Bf5 10. Bb2 Be7 11. Ne5 Nxe5 12. Bxe5 Qb6 13. Nc3 Rd8 14. Qf3 Qe6
15. Bf4 Rd7 16. e4 Bg4 17. Qe3 O-O 18. Nd5 Nxd5 19. exd5 Qxe3 20. Bxe3 b6 21.
a4 a5 22. Rac1 Rfd8 23. Rfe1 Bf6 24. Bf4 g5 25. h3 gxf4 26. hxg4 fxg3 27. fxg3
Bd4+ 28. Kf1 Rb8 29. Rc2 b5 30. Rce2 Kf8 31. Be4 h6 32. Rh2 Rd6 33. axb5 Rxb5
34. Rb1 Rdb6 35. Ra2 Be5 36. Bc2 c4 37. Re1 cxb3 38. Bxb3 Bxg3 39. Bc4 Bxe1 40.
Bxb5 Rxb5 41. Kxe1 Rxd5 42. Kf2 h5 43. gxh5 Rxh5 44. Kf3 Ke7 45. Rb2 Rd5 46.
Ke4 Rd7 47. Ra2 Ra7 48. Ra4 Kd6 49. Kd4 f5 50. Kc4 Ke5 51. Kd3 Rd7+ 52. Ke2 Rd5
53. Ke3 Kd6 54. Rc4 Rc5 55. Rh4 Rb5 56. Rh8 a4 57. Ra8 Rb4 58. Ra5 Ke6 59. Kd3
Kf6 60. Kc3 Rg4 61. Kd3 Kg5 62. Ke3 Rb4 63. Kf2 Kg4 64. Ra8 Rb2+ 65. Kg1 Ra2
66. Rc8 a3 67. Rc3 f4 68. Rb3 f3 69. Rb7 Rb2 70. Rg7+ Kh5 71. Ra7 a2 72. Ra5+
Kg4 73. Ra4+ Kg3 74. Rg4+ 0-1

[Event "26th WSCC 2016 Open 50+"]
[Site "Marianske Lazne, Czech Republic - Hotel Cristal and Continental"]
[Date "2016.11.30"]
[Round "11.15"]
[White "Pastircak, Milan"]
[Black "Hartung-Nielsen, Jens"]
[Result "1/2-1/2"]
[WhiteElo "2362"]
[BlackElo "2200"]
[PlyCount "58"]
[EventDate "2016.11.19"]

1. e4 d5 2. exd5 Nf6 3. c4 e6 4. Nc3 exd5 5. cxd5 Nxd5 6. Nf3 Be7 7. Bc4 Nb6 8.
Bb3 O-O 9. h3 Nc6 10. d4 Bf6 11. Be3 Na5 12. Bc2 Nac4 13. O-O Re8 14. Bf4 c6
15. b3 Nd6 16. Re1 Rxe1+ 17. Qxe1 Bf5 18. Rc1 Bxc2 19. Rxc2 Nf5 20. Be5 Be7 21.
Qe4 Qd7 22. g4 Nd6 23. Bxd6 Bxd6 24. Re2 Bb4 25. Na4 Nd5 26. Ne5 Qe7 27. Nd3
Re8 28. Qxe7 Rxe7 29. Rxe7 Bxe7 1/2-1/2

[Event "26th WSCC 2016 Open 50+"]
[Site "Marianske Lazne, Czech Republic - Hotel Cristal and Continental"]
[Date "2016.11.30"]
[Round "11.16"]
[White "Buchal, Stephan"]
[Black "Maslak, Alexander"]
[Result "1-0"]
[WhiteElo "2339"]
[BlackElo "2186"]
[PlyCount "43"]
[EventDate "2016.11.19"]

1. c4 g6 2. g3 Bg7 3. Bg2 c5 4. Nc3 Nc6 5. Nf3 e6 6. d3 Nge7 7. Bg5 h6 8. Bd2
O-O 9. O-O d5 10. Qc1 Kh7 11. Rd1 d4 12. Na4 b6 13. a3 Qd6 14. b4 Rb8 15. Rb1
Bd7 16. Qc2 Rfc8 17. e3 e5 18. b5 Nd8 19. exd4 cxd4 20. Bb4 Qe6 21. Re1 Nd5 22.
cxd5 1-0

[Event "26th WSCC 2016 Open 50+"]
[Site "Marianske Lazne, Czech Republic - Hotel Cristal and Continental"]
[Date "2016.11.30"]
[Round "11.17"]
[White "Schroll, Gerhard"]
[Black "Levrand, Roland"]
[Result "1/2-1/2"]
[WhiteElo "2314"]
[BlackElo "2097"]
[PlyCount "86"]
[EventDate "2016.11.19"]

1. e4 c5 2. c3 g6 3. Nf3 Bg7 4. d4 cxd4 5. cxd4 d5 6. e5 Bg4 7. Be3 Nc6 8. Nc3
Rc8 9. Qb3 Bxf3 10. gxf3 Rc7 11. f4 Nh6 12. Qxd5 Qxd5 13. Nxd5 Rd7 14. Bg2 Nf5
15. Nc3 Nfxd4 16. O-O-O f6 17. exf6 Bxf6 18. Bh3 Nf5 19. Ne4 Rc7 20. Bxf5 gxf5
21. Nxf6+ exf6 22. Kb1 Kf7 23. Rd5 Ne7 24. Rd6 Nc8 25. Rdd1 Re8 26. Rhg1 Rg8
27. Rxg8 Kxg8 28. Rd5 Ne7 29. Rd6 Kf7 30. Bd4 Rc6 31. Rd7 Rc4 32. Be3 Ke6 33.
Rxb7 h5 34. Rxa7 Nd5 35. Rh7 Nxf4 36. b3 Re4 37. Kc2 Nd5 38. Bc5 Re2+ 39. Kd3
Rxa2 40. Ra7 Nf4+ 41. Ke3 Nd5+ 42. Kd3 Nf4+ 43. Ke3 Nd5+ 1/2-1/2

[Event "26th WSCC 2016 Open 50+"]
[Site "Marianske Lazne, Czech Republic - Hotel Cristal and Continental"]
[Date "2016.11.30"]
[Round "11.18"]
[White "Thuesen, Mogens"]
[Black "Bergstrom, Rolf"]
[Result "0-1"]
[WhiteElo "2207"]
[BlackElo "2296"]
[PlyCount "120"]
[EventDate "2016.11.19"]

1. d4 b6 2. e4 Bb7 3. Bd3 Nf6 4. Qe2 Nc6 5. c3 e5 6. Nf3 Bd6 7. O-O O-O 8. Be3
Re8 9. d5 Ne7 10. c4 c6 11. dxc6 dxc6 12. c5 bxc5 13. Rc1 Ng6 14. g3 Qd7 15.
Nbd2 Rad8 16. Bg5 Be7 17. Ba6 Ba8 18. Bxf6 Bxf6 19. Rxc5 Be7 20. Rcc1 Qg4 21.
Kh1 h5 22. Rd1 Rd6 23. Ng1 Red8 24. Ndf3 c5 25. Rxd6 Rxd6 26. Re1 Qxe4 27. Qxe4
Bxe4 28. Rxe4 Rxa6 29. Re2 Rxa2 30. Nxe5 Nxe5 31. Rxe5 Bf6 32. Rxh5 Rxb2 33.
Rxc5 Rxf2 34. Nh3 Rd2 35. Ng5 Rd8 36. h4 Ra8 37. Ne4 Bd8 38. Nc3 a5 39. Na4 Be7
40. Rd5 Bb4 41. Kg2 Rc8 42. Kf3 Rc6 43. g4 Rd6 44. Rb5 Kh7 45. h5 Bd2 46. Nb2
Rd4 47. Nd1 a4 48. Rb8 a3 49. Ra8 Bc1 50. Nf2 f6 51. Ne4 Rd3+ 52. Kg2 Bb2 53.
Ng3 Be5 54. Nf5 Rd2+ 55. Kf3 a2 56. Ke3 Rh2 57. Nd4 Rg2 58. g5 Rg3+ 59. Ke4
Rg4+ 60. Kf5 Rxg5+ 0-1

[Event "26th WSCC 2016 Open 50+"]
[Site "Marianske Lazne, Czech Republic - Hotel Cristal and Continental"]
[Date "2016.11.30"]
[Round "11.19"]
[White "Kutynec, Vladimir"]
[Black "Mohapl, Petr"]
[Result "1-0"]
[WhiteElo "2295"]
[BlackElo "2066"]
[PlyCount "49"]
[EventDate "2016.11.19"]

1. d4 Nf6 2. Nf3 e6 3. g3 d5 4. Bg2 c5 5. c4 Nc6 6. cxd5 exd5 7. O-O Be7 8. Nc3
O-O 9. Bg5 cxd4 10. Nxd4 Qb6 11. Nb3 d4 12. Bxf6 Bxf6 13. Nd5 Qd8 14. Nxf6+
Qxf6 15. Rc1 Rd8 16. Qd2 Bg4 17. h3 Bh5 18. f4 h6 19. Nc5 d3 20. g4 dxe2 21.
Qxe2 Nd4 22. Qf2 Bg6 23. f5 Bh7 24. Rfd1 Rac8 25. Nd7 1-0

[Event "26th WSCC 2016 Open 50+"]
[Site "Marianske Lazne, Czech Republic - Hotel Cristal and Continental"]
[Date "2016.11.30"]
[Round "11.21"]
[White "Agusto, Obafunmilayo"]
[Black "Fritsch, Rolf"]
[Result "1-0"]
[WhiteElo "2144"]
[BlackElo "2235"]
[PlyCount "81"]
[EventDate "2016.11.19"]

1. d4 g6 2. c4 Bg7 3. Nc3 Nf6 4. e4 d6 5. Nf3 O-O 6. Be2 Na6 7. O-O e5 8. Be3
Ng4 9. Bg5 f6 10. Bc1 f5 11. h3 exd4 12. Nxd4 Ne5 13. exf5 gxf5 14. b3 Nc5 15.
Bb2 f4 16. Re1 Qg5 17. Nf3 Qd8 18. Nxe5 Bxe5 19. Bg4 Nd7 20. Qd5+ Kg7 21. Bxd7
c6 22. Bxc6 bxc6 23. Qxc6 Bd7 24. Qd5 Qe7 25. Nb5 Bxb5 26. Bxe5+ dxe5 27. Rxe5
Qf6 28. Qxb5 Kh8 29. Rae1 f3 30. Rg5 h6 31. Rg3 fxg2 32. Qe5 Rad8 33. Qxf6+
Rxf6 34. Re2 Rd7 35. Kxg2 Kh7 36. Rc2 a5 37. Rf3 Rg6+ 38. Rg3 Rf6 39. Kf1 Rf5
40. c5 Rc7 41. c6 1-0

[Event "26th WSCC 2016 Open 50+"]
[Site "Marianske Lazne, Czech Republic - Hotel Cristal and Continental"]
[Date "2016.11.30"]
[Round "11.22"]
[White "Kucera, Jiri"]
[Black "Chapman, Terry P D"]
[Result "1/2-1/2"]
[WhiteElo "1958"]
[BlackElo "2220"]
[PlyCount "99"]
[EventDate "2016.11.19"]

1. e4 c6 2. d4 d5 3. Nc3 dxe4 4. Nxe4 Bf5 5. Ng3 Bg6 6. h4 h6 7. Nf3 Nd7 8. h5
Bh7 9. Bd3 Bxd3 10. Qxd3 Ngf6 11. Bd2 e6 12. O-O-O Be7 13. Kb1 c5 14. Ne4 cxd4
15. Qxd4 Nxe4 16. Qxe4 O-O 17. Bc3 Qc7 18. Ne5 Nf6 19. Qe2 Rfd8 20. g4 Nd5 21.
Bd4 Rac8 22. c4 Nb6 23. Rhe1 Bb4 24. Bxb6 Qxb6 25. Rh1 Be7 26. Rhe1 Bh4 27. Rf1
Rxd1+ 28. Qxd1 Bf6 29. f4 Rd8 30. Qe2 Qc5 31. b3 a5 32. Rd1 Rxd1+ 33. Qxd1 Bxe5
34. fxe5 Qxe5 35. Qd8+ Kh7 36. Qd7 Qe4+ 37. Kb2 f5 38. gxf5 exf5 39. Qd5 Qe2+
40. Ka3 Qxh5 41. Qxb7 Qe2 42. c5 f4 43. c6 f3 44. Qf7 f2 45. Qf5+ Kg8 46. Qc8+
Kh7 47. Qf5+ Kg8 48. Qc8+ Kf7 49. Qf5+ Kg8 50. Qc8+ 1/2-1/2

[Event "26th WSCC 2016 Open 50+"]
[Site "Marianske Lazne, Czech Republic - Hotel Cristal and Continental"]
[Date "2016.11.30"]
[Round "11.23"]
[White "Rakhimov, Zinnour K"]
[Black "Dovzhenko, Viktor"]
[Result "1-0"]
[WhiteElo "2398"]
[BlackElo "2171"]
[PlyCount "121"]
[EventDate "2016.11.19"]

1. e4 g6 2. Bc4 Bg7 3. Nc3 e6 4. Nf3 Ne7 5. d3 Nbc6 6. a4 d5 7. Ba2 dxe4 8.
Nxe4 b6 9. O-O O-O 10. Rb1 h6 11. Re1 Nb4 12. Bc4 c5 13. c3 Nbd5 14. d4 cxd4
15. Nxd4 Bb7 16. Qe2 Bxd4 17. cxd4 Kg7 18. Nc3 Rc8 19. Bd3 Nc6 20. Bd2 Ndb4 21.
Be4 Qxd4 22. Nb5 Qd7 23. Qe3 Nd5 24. Qxh6+ Kg8 25. Rbd1 Nce7 26. Bc3 f6 27.
Bxg6 Nxg6 28. Qxg6+ Qg7 29. Qxg7+ Kxg7 30. Rxe6 Rcd8 31. f3 Bc8 32. Ree1 a6 33.
Nd4 Nxc3 34. bxc3 Kf7 35. Re7+ Kg6 36. Rc7 Rd6 37. Re1 Rd7 38. Rc6 Rb7 39. Rb1
Bd7 40. Rcxb6 Rc7 41. Rd6 Rf7 42. Ne6 Rxc3 43. Rxd7 Rxd7 44. Nf8+ Kf7 45. Nxd7
Ra3 46. Nc5 Ke7 47. Rb6 Rc3 48. Re6+ Kd8 49. Nxa6 Rc4 50. Rxf6 Rxa4 51. Kf2 Ke7
52. Rb6 Ra2+ 53. Kg3 Kf7 54. h4 Kg7 55. Nc5 Re2 56. Ne6+ Kh8 57. Nf4 Ra2 58.
Rb7 Ra6 59. Kg4 Kg8 60. h5 Rd6 61. Kg5 1-0

[Event "26th WSCC 2016 Open 50+"]
[Site "Marianske Lazne, Czech Republic - Hotel Cristal and Continental"]
[Date "2016.11.30"]
[Round "11.24"]
[White "Kozak, Milos"]
[Black "Grigoryan, Karen"]
[Result "0-1"]
[WhiteElo "2159"]
[BlackElo "2332"]
[PlyCount "66"]
[EventDate "2016.11.19"]

1. d4 Nf6 2. c4 e6 3. Nf3 Bb4+ 4. Bd2 Qe7 5. g3 Nc6 6. Nc3 O-O 7. Bg2 Bxc3 8.
Bxc3 Ne4 9. Rc1 d6 10. d5 Nxc3 11. Rxc3 Nb8 12. dxe6 fxe6 13. Nd4 e5 14. Nc2 a5
15. O-O Na6 16. Qd5+ Be6 17. Qxb7 Nc5 18. Qxa8 Rxa8 19. Bxa8 Na4 20. Rb3 Nb6
21. Ne3 Nxc4 22. Rb8+ Kf7 23. Nxc4 Bxc4 24. Rc1 Bxa2 25. Rb7 Kf6 26. Rcxc7 Qe8
27. Ra7 Qb5 28. Rc6 Qb4 29. Rc2 Bb3 30. Rc3 a4 31. e4 Qd4 32. Ra6 Bc4 33. Kg2
Bxa6 0-1

[Event "26th WSCC 2016 Open 50+"]
[Site "Marianske Lazne, Czech Republic - Hotel Cristal and Continental"]
[Date "2016.11.30"]
[Round "11.25"]
[White "Elias, Miroslav"]
[Black "Bartsch, Berthold"]
[Result "0-1"]
[WhiteElo "2043"]
[BlackElo "2279"]
[PlyCount "64"]
[EventDate "2016.11.19"]

1. e4 c5 2. b3 Nf6 3. Nc3 e6 4. Nf3 Nc6 5. Bb5 Nd4 6. e5 Nxb5 7. Nxb5 a6 8. Nc3
Nd5 9. Bb2 Nxc3 10. Bxc3 b6 11. Qe2 Bb7 12. O-O Be7 13. d3 O-O 14. Nd2 f6 15.
f4 Qc7 16. Rae1 f5 17. Qh5 b5 18. Nf3 a5 19. Ng5 Bxg5 20. fxg5 g6 21. Qh4 Qc6
22. Re2 c4 23. dxc4 bxc4 24. Qxc4 Qxc4 25. bxc4 Ba6 26. Rf4 Rfc8 27. Rd2 Bxc4
28. Rxd7 Bd5 29. Rh4 h5 30. gxh6 Rxc3 31. Rg7+ Kh8 32. Rxg6 Rxc2 0-1

[Event "26th WSCC 2016 Open 50+"]
[Site "Marianske Lazne, Czech Republic - Hotel Cristal and Continental"]
[Date "2016.11.30"]
[Round "11.26"]
[White "Tesar, Jan"]
[Black "Boulard, Eric"]
[Result "1/2-1/2"]
[WhiteElo "2072"]
[BlackElo "2245"]
[PlyCount "168"]
[EventDate "2016.11.19"]

1. d4 f5 2. g3 g6 3. Bg2 Bg7 4. Nh3 Nf6 5. O-O O-O 6. c3 c6 7. Nd2 Na6 8. Nf3
Qe8 9. Bf4 d6 10. Qc1 Ng4 11. Rd1 e5 12. dxe5 dxe5 13. Bg5 h6 14. Bd2 g5 15.
Ne1 Qh5 16. f3 Nxh2 17. Bxg5 f4 18. Kxh2 hxg5 19. g4 Qh4 20. Qc2 Be6 21. Nd3
Bxg4 22. fxg4 e4 23. Ndxf4 Rxf4 24. e3 Rxg4 25. Qf2 Be5+ 26. Kh1 Rg3 27. Qf5
Bg7 28. Rf1 g4 29. Qxe4 Rxh3+ 30. Bxh3 Qxh3+ 31. Kg1 g3 32. Rf4 Qh2+ 33. Kf1
g2+ 34. Qxg2 Qxg2+ 35. Kxg2 Rd8 36. Raf1 Rd7 37. Kf3 Nc5 38. Rg1 Nd3 39. Rd4
Ne5+ 40. Ke2 Re7 41. Rgd1 Kf7 42. Rd6 Nc4 43. Rd7 Nxb2 44. Rxe7+ Kxe7 45. Rc1
b5 46. Kd2 Nc4+ 47. Kd3 Bh6 48. Rh1 Bxe3 49. Rh7+ Kd6 50. Rb7 Bb6 51. Kc2 Kc5
52. Rh7 Ne3+ 53. Kb3 Nd5 54. Rh4 Ba5 55. c4 bxc4+ 56. Rxc4+ Kd6 57. Rh4 Bb6 58.
Kc4 Be3 59. Rg4 Kc7 60. Rh4 Kb6 61. Rh1 Ka6 62. Rb1 Nb6+ 63. Kc3 c5 64. Kc2 Bd4
65. Rh1 c4 66. Rh5 Bf2 67. Rf5 Be1 68. Re5 Bb4 69. Rh5 Na4 70. Rg5 Bc5 71. Rh5
Kb5 72. Rh1 Kb4 73. Rh4 Nb6 74. Kb2 Nd5 75. Rg4 a5 76. Rh4 a4 77. Kc2 Ka3 78.
Rh5 Ne3+ 79. Kd2 Kb4 80. Rh8 c3+ 81. Kc1 Ka3 82. Rc8 Bb4 83. Rc7 c2 84. Rc3+
Bxc3 1/2-1/2